Le regole dell'attrazione /
Camden College. Sean Bateman spaccia droga, ha un fratello psicotico che fa il broker a Wall Street, deve un sacco di soldi al suo partner in affari ed è molto ricercato dalle ragazze del campus. Lauren Hynde è tecnicamente vergine. Ha deciso di rimanere casta e pura per il suo ragazzo Victor, che a...
Saved in:
| 企业作者: | |
|---|---|
| 其他作者: | , , , , , , |
| 格式: | |
| 语言: | 意大利语 英语 |
| 出版: |
Milano :
Eagle Pictures [distributore],
[2004]
|
| 标签: |
没有标签, 成为第一个标记此记录!
|
MARC
| LEADER | 00000ngm a22000007i 4500 | ||
|---|---|---|---|
| 001 | IT\ICCU\RAV\1300442 | ||
| 003 | ItRI | ||
| 005 | 20260124182907.0 | ||
| 008 | 050126s2004 it |||||||||||||||k|||||c | ||
| 024 | 3 | 1 | |a 8031179911769 |
| 028 | 4 | 2 | |a 861176ENDQ |b versione noleggio |
| 028 | 4 | 2 | |a 861176EVDO |
| 040 | |b ita | ||
| 041 | 7 | |a ita |a eng |2 ISO-639-2 | |
| 082 | |a 791.43 |9 CINEMA |2 19 | ||
| 130 | 4 | |a The Rules of Attraction <film ; 2002> |3 IT\ICCU\RAV\1300448 | |
| 245 | 0 | 3 | |a Le regole dell'attrazione / |c written for the screen and directed by Roger Avary ; based on the novel by Bret Easton Ellis ; music by Tomandandy ; director of photography Robert Brinkmann. |
| 246 | 1 | 3 | |a Le regole dell'attrazione <risorsa elettronica> |9 IT\ICCU\RAV\1300447 |
| 260 | |a Milano : |b Eagle Pictures [distributore], |c [2004] | ||
| 300 | |a 1 DVD video (ca. 106 min.) : |b sonoro (Dolby digital 5.1), color. ; |c in contenitore, 19 cm | ||
| 500 | |a Codice area: 2; sistema e formato video: PAL, widescreen, 1.85:1 | ||
| 500 | |a Singola faccia, doppio strato | ||
| 500 | |a Tit. del contenitore | ||
| 500 | |a Ripr. del film del 2002, prod. Greg Shapiro, USA; interpreti James Van Der Beek, Shannyn Sossamon, Ian Somerhalder, Jessica Biel, Kip Pardue, Faye Dunaway | ||
| 500 | |a Lingue: italiano, inglese; sottotitoli: italiano, italiano per non udenti | ||
| 500 | |a Vietato ai minori di 14 anni | ||
| 520 | |a Camden College. Sean Bateman spaccia droga, ha un fratello psicotico che fa il broker a Wall Street, deve un sacco di soldi al suo partner in affari ed è molto ricercato dalle ragazze del campus. Lauren Hynde è tecnicamente vergine. Ha deciso di rimanere casta e pura per il suo ragazzo Victor, che attualmente è in giro per l'Europa e di cui è cotta anche Lara, compagna di stanza di Lauren, in fatto di sesso decisamente più libera della sua amica. Paul Denton, bisessuale, ha appena rotto con il suo compagno Mitchell che lo ha lasciato per Candice. Sean ama Lauren, Paul ama Sean, ma è uscito anche con Lauren. Lauren ama Sean e Victor. | ||
| 700 | 1 | |a Ellis, Bret Easton, |d (1964- ) |0 IT\ICCU\CFIV\042956 |4 ant | |
| 700 | 1 | |a Avary, Roger |0 IT\ICCU\RAVV\098458 |4 drt | |
| 700 | 1 | |a Pardue, Kip |0 IT\ICCU\RAVV\329316 |4 act | |
| 700 | 1 | |a Biel, Jessica |0 IT\ICCU\RAVV\396637 |4 act | |
| 700 | 1 | |a Sossamon, Shannyn |0 IT\ICCU\RAVV\415210 |4 act | |
| 700 | 1 | |a Somerhalder, Ian |0 IT\ICCU\RAVV\415211 |4 act | |
| 700 | 1 | |a Van der Beek, James |0 IT\ICCU\UBOV\494681 |4 act | |
| 700 | 1 | |a Brinkmann, Robert |0 IT\ICCU\UFIV\153575 |4 pht | |
| 710 | 2 | |a Tomandandy (gruppo musicale) |0 IT\ICCU\LO1V\305043 |4 cmp | |
| 790 | 1 | |a Avary, Roger Roberts |3 IT\ICCU\CFIV\261077 |z Avary, Roger | |
| 942 | |2 ddc |c VM |n 0 | ||
| 952 | |0 0 |1 0 |4 0 |6 VO_1291_000000000000000 |7 0 |9 27692 |a BO |b BO |d 2026-01-24 |i 9891 |l 0 |o VO 1291 |p BO9891 |r 2026-01-24 18:29:07 |w 2026-01-24 |x [Sebina 5] [1 DVD] |y VM |z 1 DVD | ||
| 952 | |0 0 |1 0 |4 0 |6 VO_1984_000000000000000 |7 0 |9 27693 |a BO |b BO |d 2026-01-24 |i 16415 |l 0 |o VO 1984 |p BO16415 |r 2026-01-24 18:29:07 |w 2026-01-24 |x [Sebina 5] [1 dvd] |y VM |z 1 dvd (2. copia) | ||
| 999 | |c 23470 |d 23470 | ||